[Event "19th Hoogeveen op"]
[Site "Hoogeveen NED"]
[Date "2015.10.22"]
[Round "7.34"]
[White "Vogel, Jaap"]
[Black "Hummel, Joop"]
[Result "1/2-1/2"]
[WhiteElo "2175"]
[BlackElo "1990"]
[EventDate "2015.10.17"]
[PlyCount "61"]

1.d4 d5 2.Nf3 e6 3.c4 c5 4.cxd5 exd5 5.g3 Nc6 6.Bg2 Nf6 7.O-O Be7 8.dxc5 
Bxc5 9.b3 O-O 10.Bb2 Bg4 11.Nc3 Rc8 12.Rc1 b6 13.a3 Re8 14.b4 Bf8 15.Re1 
Qd7 16.Qa4 d4 17.Nb1 d3 18.b5 Na5 19.exd3 Rxc1 20.Rxc1 Qxd3 21.Ne5 Qe2 22.
Nxg4 Qxb2 23.Nxf6+ gxf6 24.Qg4+ Kh8 25.Rd1 Qxb5 26.Be4 Qe5 27.Bc2 Bc5 28.
Qh3 Bxf2+ 29.Kg2 h5 30.Bf5 Bc5 31.Qxh5+ 1/2-1/2

[Event "19th Hoogeveen op"]
[Site "Hoogeveen NED"]
[Date "2015.10.22"]
[Round "7.35"]
[White "Boersma, Jan"]
[Black "Berghuis, Marten"]
[Result "0-1"]
[WhiteElo "2153"]
[BlackElo "1981"]
[EventDate "2015.10.17"]
[PlyCount "106"]

1.e4 c5 2.Nc3 Nc6 3.f4 e6 4.Nf3 d5 5.Bb5 Ne7 6.exd5 exd5 7.Qe2 Bg4 8.O-O 
Qd6 9.Bxc6+ Qxc6 10.h3 Bxf3 11.Qxf3 O-O-O 12.a4 a6 13.f5 g6 14.fxg6 fxg6 
15.d3 Nf5 16.Bf4 Bg7 17.a5 Nd4 18.Qg4+ Qe6 19.Na4 Rdf8 20.Nb6+ Kd8 21.Qg5+
Bf6 22.Qxd5+ Qxd5 23.Bc7+ Kxc7 24.Nxd5+ Kc6 25.Nxf6 Nxc2 26.Rac1 Ne3 27.
Rxc5+ Kxc5 28.Nd7+ Kb5 29.Nxf8 Kxa5 30.Rf7 b5 31.Nxh7 Kb4 32.Rd7 Nc2 33.
Ng5 Ra8 34.Ne4 a5 35.Nc3 a4 36.Rd5 Rb8 37.Nd1 Kb3 38.Kf2 Nb4 39.Rd6 Kc2 
40.Ke2 Re8+ 41.Ne3+ Kxb2 42.Kd2 Rxe3 43.Kxe3 a3 44.Kd4 a2 45.Kc5 a1=Q 46.
Kxb5 Qa8 47.Rxg6 Qe8+ 48.Kxb4 Qxg6 49.d4 Qxg2 50.Kc5 Qxh3 51.d5 Qd7 52.d6 
Kc3 53.Kd5 Kb4 0-1

[Event "19th Hoogeveen op"]
[Site "Hoogeveen NED"]
[Date "2015.10.22"]
[Round "7.36"]
[White "Elgersma, Simon"]
[Black "Kouwenhoven, Derk"]
[Result "1-0"]
[WhiteElo "2055"]
[BlackElo "1918"]
[EventDate "2015.10.17"]
[PlyCount "71"]

1.e4 e5 2.Nf3 Nc6 3.Bb5 a6 4.Ba4 Nf6 5.d3 d6 6.a3 Be7 7.Nc3 b5 8.Bb3 Bg4 
9.Be3 Na5 10.Ba2 c6 11.h3 Bh5 12.Nb1 O-O 13.Nbd2 Qc7 14.Nf1 Rad8 15.Ng3 
Bg6 16.Qe2 d5 17.Bd2 d4 18.Nh4 Kh8 19.Nhf5 Nb7 20.Nxe7 Qxe7 21.O-O c5 22.
f4 exf4 23.Bxf4 Nd7 24.Rae1 Rfe8 25.Qf2 Ne5 26.Nf5 Qc7 27.Qh4 Qb6 28.Ne7 
f6 29.Bxe5 Rxe7 30.Bxf6 gxf6 31.Rxf6 Qa5 32.Ref1 Ree8 33.Rxg6 Rf8 34.Rxf8+
Rxf8 35.Qf6+ Rxf6 36.Rg8# 1-0

[Event "19th Hoogeveen op"]
[Site "Hoogeveen NED"]
[Date "2015.10.22"]
[Round "7.37"]
[White "Munnik, Talitha"]
[Black "Van Randtwijk, Mick"]
[Result "1/2-1/2"]
[WhiteElo "2037"]
[BlackElo "1852"]
[EventDate "2015.10.17"]
[PlyCount "41"]

1.e4 c5 2.Nf3 Nc6 3.d4 cxd4 4.Nxd4 g6 5.c4 Nf6 6.Nc3 d6 7.Be2 Nxd4 8.Qxd4 
Bg7 9.Be3 O-O 10.Qd2 a5 11.f3 a4 12.Rc1 Qa5 13.O-O Be6 14.Rfd1 Rfc8 15.Nb5
Qxd2 16.Rxd2 Nd7 17.Nd4 Ne5 18.Nxe6 fxe6 19.Rdc2 Nc6 20.Rd2 Ne5 21.Rdc2 
1/2-1/2

[Event "19th Hoogeveen op"]
[Site "Hoogeveen NED"]
[Date "2015.10.22"]
[Round "7.38"]
[White "Boer, Bas De"]
[Black "Van Dael, Siem"]
[Result "0-1"]
[WhiteElo "1863"]
[BlackElo "1978"]
[EventDate "2015.10.17"]
[PlyCount "58"]

1.d4 Nf6 2.c4 g6 3.Nc3 Bg7 4.e4 d6 5.Be2 O-O 6.Nf3 e5 7.Be3 Ng4 8.Bg5 f6 
9.Bh4 g5 10.Bg3 Nc6 11.d5 Ne7 12.Nd2 f5 13.exf5 Nh6 14.Nde4 Nexf5 15.b4 
Nf7 16.c5 a5 17.a3 Nd4 18.Bd3 Bf5 19.Rb1 axb4 20.axb4 Bxe4 21.Bxe4 Qf6 22.
h4 Bh6 23.Bd3 Ra3 24.Ne4 Qe7 25.hxg5 Nxg5 26.Nxg5 Qxg5 27.Be4 Rxg3 28.Rb2 
Rc3 29.O-O Qh4 0-1

[Event "19th Hoogeveen op"]
[Site "Hoogeveen NED"]
[Date "2015.10.22"]
[Round "7.39"]
[White "De Wolf, Kees"]
[Black "Oord, Raymon"]
[Result "1-0"]
[WhiteElo "1982"]
[BlackElo "1888"]
[EventDate "2015.10.17"]
[PlyCount "97"]

1.d4 d5 2.c4 e6 3.Nc3 Nf6 4.Nf3 Nbd7 5.Bg5 Be7 6.e3 c6 7.Qc2 h6 8.Bh4 O-O 
9.h3 Re8 10.O-O-O dxc4 11.Bxc4 Nb6 12.Bb3 Nbd5 13.g4 Nxc3 14.bxc3 Nd5 15.
Bxe7 Qxe7 16.c4 Nb4 17.Qb2 a5 18.a3 Na6 19.Rhg1 a4 20.Ba2 b5 21.c5 b4 22.
Ne5 bxa3 23.Qxa3 Bd7 24.f4 Reb8 25.g5 h5 26.Kd2 Nb4 27.Bc4 g6 28.Ra1 Be8 
29.Rgb1 Nd5 30.Ke2 Qa7 31.Kf3 Kg7 32.Bd3 Qa5 33.Nc4 Qc7 34.Rxb8 Qxb8 35.
Rb1 Qc7 36.Nb6 Nxb6 37.Rxb6 Qd7 38.Be4 e5 39.f5 exd4 40.exd4 gxf5 41.Bxc6 
Qxd4 42.Bxa8 Qd1+ 43.Ke3 Qg1+ 44.Ke2 Qh2+ 45.Kd1 Qg1+ 46.Kc2 Qf2+ 47.Kb1 
Qe1+ 48.Qc1 Qa5 49.Bd5 1-0

[Event "19th Hoogeveen op"]
[Site "Hoogeveen NED"]
[Date "2015.10.23"]
[Round "8.1"]
[White "l`Ami, Erwin"]
[Black "Gupta, Abhijeet"]
[Result "1/2-1/2"]
[WhiteElo "2619"]
[BlackElo "2629"]
[EventDate "2015.10.17"]
[PlyCount "105"]

1.d4 d5 2.c4 c6 3.Nf3 Nf6 4.e3 Bf5 5.Nc3 e6 6.Be2 h6 7.Bd3 Bxd3 8.Qxd3 
Nbd7 9.O-O Bb4 10.Bd2 a5 11.a3 Bxc3 12.Bxc3 Ne4 13.Nd2 Nxd2 14.Bxd2 O-O 
15.a4 Qb6 16.b3 Qa6 17.Rfc1 c5 18.Qf1 Rfc8 19.cxd5 exd5 20.dxc5 Rxc5 21.
Qxa6 Rxa6 22.Rxc5 Nxc5 23.Rb1 Rb6 24.Bxa5 Rxb3 25.Rxb3 Nxb3 26.Bb4 Nc1 27.
Kf1 Nd3 28.Ba3 Ne5 29.Ke2 f5 30.Bb2 Nc6 31.f3 Kf7 32.e4 dxe4 33.fxe4 f4 
34.Kf3 g5 35.Kg4 Kg6 36.h4 Nb4 37.h5+ Kf7 38.g3 fxg3 39.Kxg3 Nd3 40.Bd4 
Nf4 41.Kg4 Ne6 42.Bc3 Nc5 43.Kf5 Nxa4 44.Bd4 b5 45.e5 b4 46.e6+ Ke8 47.Kg6
b3 48.Kxh6 Nc5 49.Kg6 Nxe6 50.h6 g4 51.h7 Nf8+ 52.Kf5 Nxh7 53.Kxg4 1/2-1/2

[Event "19th Hoogeveen op"]
[Site "Hoogeveen NED"]
[Date "2015.10.23"]
[Round "8.2"]
[White "Bok, Benjamin"]
[Black "Das, Arghyadip"]
[Result "1-0"]
[WhiteElo "2591"]
[BlackElo "2467"]
[EventDate "2015.10.17"]
[PlyCount "61"]

1.e4 e6 2.d4 d5 3.Nd2 Be7 4.Ngf3 Nf6 5.e5 Nfd7 6.Bd3 c5 7.c3 Nc6 8.O-O a5 
9.Re1 cxd4 10.cxd4 Qb6 11.Nb1 Nxd4 12.Nxd4 Qxd4 13.Nc3 Qb6 14.Qg4 Kf8 15.
Nb5 Nc5 16.Be3 Bd7 17.Nd6 Bxd6 18.exd6 Rc8 19.Qg3 f6 20.Rac1 Kf7 21.Bf5 
Qb4 22.Bxc5 Rxc5 23.Bxe6+ Bxe6 24.Qe3 Rxc1 25.Qxe6+ Kg6 26.Rxc1 Rd8 27.Rc3
h5 28.Rg3+ Kh6 29.h4 Qe4 30.Qf7 g6 31.Qxf6 1-0

[Event "19th Hoogeveen op"]
[Site "Hoogeveen NED"]
[Date "2015.10.23"]
[Round "8.3"]
[White "Pavlidis, Antonios"]
[Black "Sengupta, Deep"]
[Result "1/2-1/2"]
[WhiteElo "2522"]
[BlackElo "2580"]
[EventDate "2015.10.17"]
[PlyCount "94"]

1.e4 e6 2.d4 d5 3.Nc3 Bb4 4.e5 c5 5.a3 Bxc3+ 6.bxc3 Qc7 7.Qg4 f6 8.Nf3 Qf7
9.dxc5 Nc6 10.Bb5 Ne7 11.O-O Bd7 12.Rb1 Qg6 13.Qxg6+ Nxg6 14.Re1 O-O 15.
Bxc6 bxc6 16.Rb7 Rf7 17.Bd2 Be8 18.Rb4 Re7 19.Be3 Kf7 20.Bd4 Bd7 21.h4 h5 
22.g3 Bc8 23.Nd2 Rb7 24.Nb3 Rc7 25.f4 Ne7 26.Na5 Ba6 27.Kf2 Rf8 28.Reb1 
Kg6 29.Nb7 Bxb7 30.Rxb7 Rfc8 31.a4 f5 32.Rxc7 Rxc7 33.Rb8 Kf7 34.a5 a6 35.
Ra8 Nc8 36.Rxa6 Ke7 37.Rb6 Ra7 38.a6 Kd8 39.Rb7 g6 40.Rxa7 Nxa7 41.c4 dxc4
42.Bc3 Nb5 43.Ba5+ Kc8 44.Ke3 Kb8 45.Bb6 Nc3 46.Kf3 Ne4 47.Kg2 Ka8 1/2-1/2

[Event "19th Hoogeveen op"]
[Site "Hoogeveen NED"]
[Date "2015.10.23"]
[Round "8.4"]
[White "Neelotpal, Das"]
[Black "Ehlvest, Jaan"]
[Result "1-0"]
[WhiteElo "2465"]
[BlackElo "2535"]
[EventDate "2015.10.17"]
[PlyCount "83"]

1.e4 c5 2.Nf3 d6 3.d4 cxd4 4.Nxd4 Nf6 5.Nc3 e6 6.g4 h6 7.Rg1 Nc6 8.h4 h5 
9.gxh5 Nxh5 10.Bg5 Nf6 11.Qd2 Qb6 12.Nb3 Bd7 13.O-O-O a6 14.Kb1 Rc8 15.Bd3
Ne5 16.Qe2 Rxc3 17.bxc3 Qc7 18.c4 Ng6 19.f4 Nh5 20.Qd2 e5 21.fxe5 dxe5 22.
Be2 Nf6 23.Bxf6 gxf6 24.Bg4 Bxg4 25.Rxg4 Be7 26.c5 Nf4 27.Rdg1 Kf8 28.h5 
Qc6 29.Qe3 f5 30.exf5 Bf6 31.Qd2 Qd5 32.Qb4 Ke8 33.h6 Kd7 34.Qb6 Qc6 35.
Rd1+ Ke7 36.Rd6 Qxb6 37.Rxb6 Rxh6 38.Rxb7+ Kf8 39.Rb8+ Ke7 40.Rb7+ Kf8 41.
c6 Rh1+ 42.Kb2 1-0

[Event "19th Hoogeveen op"]
[Site "Hoogeveen NED"]
[Date "2015.10.23"]
[Round "8.5"]
[White "Vishnu, Prasanna V"]
[Black "Ernst, Sipke"]
[Result "1/2-1/2"]
[WhiteElo "2503"]
[BlackElo "2527"]
[EventDate "2015.10.17"]
[PlyCount "35"]

1.e4 e5 2.Nf3 Nc6 3.Bb5 a6 4.Ba4 Nf6 5.O-O Be7 6.Re1 b5 7.Bb3 d6 8.a4 Bd7 
9.c3 O-O 10.d4 h6 11.Nbd2 Re8 12.Nf1 Bf8 13.Ng3 Na5 14.Bc2 c5 15.b3 Qc7 
16.axb5 axb5 17.d5 Ra7 18.Bd2 1/2-1/2

[Event "19th Hoogeveen op"]
[Site "Hoogeveen NED"]
[Date "2015.10.23"]
[Round "8.6"]
[White "Werle, Jan"]
[Black "Debashis, Das"]
[Result "1-0"]
[WhiteElo "2524"]
[BlackElo "2501"]
[EventDate "2015.10.17"]
[PlyCount "51"]

1.d4 Nf6 2.c4 c5 3.d5 e6 4.Nc3 d6 5.e4 g6 6.h3 Bg7 7.Bd3 exd5 8.cxd5 O-O 
9.Nf3 b5 10.Nxb5 Nxe4 11.Bxe4 Re8 12.Ng5 Qa5+ 13.Nc3 Ba6 14.f3 Nd7 15.Kf2 
Rab8 16.Qc2 Bd4+ 17.Kg3 Nf6 18.Kh2 Nh5 19.f4 Qd8 20.Bf3 Ng7 21.Bd2 Nf5 22.
Rhe1 Rxe1 23.Rxe1 Bf2 24.Rd1 h6 25.Nge4 Nd4 26.Qa4 1-0

[Event "19th Hoogeveen op"]
[Site "Hoogeveen NED"]
[Date "2015.10.23"]
[Round "8.7"]
[White "Baskin, Robert"]
[Black "Stocek, Jiri"]
[Result "1/2-1/2"]
[WhiteElo "2338"]
[BlackElo "2566"]
[EventDate "2015.10.17"]
[PlyCount "154"]

1.e4 c5 2.Nf3 e6 3.d4 cxd4 4.Nxd4 a6 5.c4 Nf6 6.Nc3 Qc7 7.a3 b6 8.Be3 Bb7 
9.f3 Be7 10.Be2 O-O 11.O-O d6 12.Qd2 Nbd7 13.a4 Ne5 14.Rfc1 Rab8 15.Nb3 
Rfe8 16.Qd1 Ba8 17.Ra2 h5 18.a5 bxa5 19.Nxa5 Rb4 20.Qd2 Qb8 21.Rc2 d5 22.
cxd5 exd5 23.Nxd5 Nxd5 24.exd5 Rd8 25.Qc3 Bxd5 26.Ra1 Bf6 27.Qc5 Rxb2 28.
Rd1 Nd7 29.Qxd5 Rxc2 30.Nc6 Rxe2 31.Nxb8 Nxb8 32.Qxd8+ Bxd8 33.Rxd8+ Kh7 
34.Rxb8 Rxe3 35.Ra8 Ra3 36.h4 Kg6 37.Kf2 Kf5 38.Ra7 Ke6 39.Kg3 Ra4 40.Kh3 
Ra3 41.Kg3 Ra4 42.Kh3 a5 43.Ra6+ Kf5 44.Ra7 Kg6 45.Ra6+ f6 46.Ra7 Ra1 47.
Kg3 a4 48.Kh2 a3 49.Kg3 Ra2 50.Ra5 Kf7 51.Ra7+ Kf8 52.Kh3 Kg8 53.Kg3 Kh7 
54.Kh3 Kh6 55.Ra6 Kg6 56.Ra5 Ra1 57.Kg3 a2 58.Ra7 Kf5 59.Ra5+ Ke6 60.Ra6+ 
Kd5 61.Ra8 g5 62.hxg5 fxg5 63.Rd8+ Ke6 64.Re8+ Kd7 65.Ra8 h4+ 66.Kh2 Kc6 
67.Ra3 Kc5 68.Ra8 Kd4 69.Rd8+ Ke3 70.Re8+ Kf2 71.Ra8 h3 72.gxh3 Kxf3 73.
Rf8+ Ke4 74.Ra8 g4 75.hxg4 Kf4 76.Kg2 Kxg4 77.Ra7 Rb1 1/2-1/2

[Event "19th Hoogeveen op"]
[Site "Hoogeveen NED"]
[Date "2015.10.23"]
[Round "8.8"]
[White "Halkias, Stelios"]
[Black "Maris, Ivo"]
[Result "1-0"]
[WhiteElo "2534"]
[BlackElo "2319"]
[EventDate "2015.10.17"]
[PlyCount "105"]

1.c4 g6 2.Nf3 Bg7 3.d4 Nf6 4.g3 O-O 5.Bg2 d6 6.Nc3 Nbd7 7.O-O e5 8.e4 h6 
9.h3 Nh7 10.d5 a5 11.Bd2 f5 12.Nh4 Nc5 13.Nxg6 Rf6 14.exf5 Bxf5 15.Nh4 Bd3
16.Re1 Bxc4 17.Ne4 Rf7 18.Nxc5 dxc5 19.Qg4 Bxd5 20.Bxd5 Qxd5 21.Bxh6 Qd4 
22.Nf5 Qxg4 23.hxg4 Bf6 24.Be3 Rd7 25.Bxc5 Rd2 26.Rad1 Rad8 27.Rxd2 Rxd2 
28.f4 Rxb2 29.g5 Bxg5 30.Rxe5 Bf6 31.Re8+ Kf7 32.Rc8 b6 33.Bd4 Bxd4+ 34.
Nxd4 c5 35.Rc7+ Kg6 36.Nf3 Nf6 37.Rc6 Kg7 38.Ne5 Nd5 39.a4 Nc3 40.Kf1 Ne4 
41.Kg1 Nc3 42.Rg6+ Kh7 43.f5 Re2 44.Ng4 Ne4 45.Rxb6 c4 46.Rb7+ Kh8 47.f6 
Ng5 48.Rc7 Rc2 49.Kf1 Ne6 50.Rc6 Ng5 51.Ne5 c3 52.f7 Nh7 53.Rg6 1-0

[Event "19th Hoogeveen op"]
[Site "Hoogeveen NED"]
[Date "2015.10.23"]
[Round "8.9"]
[White "Rudolf, Anna"]
[Black "Schroeder, Jan Christian"]
[Result "0-1"]
[WhiteElo "2329"]
[BlackElo "2519"]
[EventDate "2015.10.17"]
[PlyCount "86"]

1.d4 Nf6 2.Nf3 e6 3.e3 b6 4.Bd3 Bb7 5.O-O d5 6.Ne5 Bd6 7.b3 O-O 8.Bb2 Nbd7
9.f4 Ne4 10.Nd2 Nxd2 11.Qxd2 Nf6 12.Rf3 Ne4 13.Qe2 f6 14.Ng4 Qe7 15.Rh3 
Rf7 16.Rf1 Rd8 17.Qe1 f5 18.Ne5 Bxe5 19.dxe5 c5 20.Qe2 g6 21.Rd1 Rg7 22.
Bxe4 fxe4 23.g4 Rf7 24.Rg3 Rdf8 25.c4 d4 26.exd4 Rxf4 27.d5 exd5 28.cxd5 
Bxd5 29.Rxd5 Rf1+ 30.Kg2 R1f2+ 31.Qxf2 Rxf2+ 32.Kxf2 Qf7+ 33.Ke2 Qxd5 34.
g5 Kf7 35.Rh3 Ke6 36.Re3 b5 37.Rg3 b4 38.a4 c4 39.bxc4 Qxc4+ 40.Kd2 Qa2 
41.Kc1 Qxa4 42.Rg1 Qc6+ 43.Kb1 e3 0-1

[Event "19th Hoogeveen op"]
[Site "Hoogeveen NED"]
[Date "2015.10.23"]
[Round "8.10"]
[White "De Jong, Migchiel"]
[Black "Pruijssers, Roeland"]
[Result "0-1"]
[WhiteElo "2328"]
[BlackElo "2501"]
[EventDate "2015.10.17"]
[PlyCount "116"]

1.Nf3 Nf6 2.b4 c6 3.Bb2 Qb6 4.a3 a5 5.Bd4 Qc7 6.e3 d5 7.c4 Bg4 8.cxd5 Nxd5
9.Nc3 Nf6 10.Be2 Bxf3 11.Bxf3 axb4 12.axb4 Rxa1 13.Qxa1 e5 14.Bc5 Bxc5 15.
bxc5 O-O 16.O-O Rd8 17.d4 Nbd7 18.Qa7 exd4 19.exd4 Nf8 20.Rb1 Rxd4 21.Rxb7
Qe5 22.Re7 Qg5 23.Re3 Rc4 24.g3 Qxc5 25.Qxc5 Rxc5 26.Na4 Rc4 27.Nb6 Rc1+ 
28.Kg2 Ne6 29.Rd3 c5 30.Rd6 g6 31.Rc6 Kg7 32.Nd5 Nd7 33.Nf4 Nxf4+ 34.gxf4 
Nf6 35.Rc7 Rc3 36.h4 h5 37.Bb7 Rc2 38.Kg3 Ne8 39.Rd7 Nf6 40.Rc7 Rc1 41.f3 
Rc2 42.Be4 Rc1 43.f5 Nxe4+ 44.fxe4 gxf5 45.e5 Rc4 46.e6 Rg4+ 47.Kf3 Rxh4 
48.exf7 Rc4 49.Kg3 Kf8 50.Rd7 Rd4 51.Rc7 c4 52.Kf3 h4 53.Rc5 Kxf7 54.Rxf5+
Ke6 55.Rc5 Kd6 56.Rc8 Kd5 57.Ke2 Rd3 58.Rd8+ Ke4 0-1

[Event "19th Hoogeveen op"]
[Site "Hoogeveen NED"]
[Date "2015.10.23"]
[Round "8.11"]
[White "Ankit, R Rajpara"]
[Black "Beerdsen, Thomas"]
[Result "0-1"]
[WhiteElo "2467"]
[BlackElo "2313"]
[EventDate "2015.10.17"]
[PlyCount "80"]

1.d4 Nf6 2.c4 g6 3.Nf3 Bg7 4.g3 O-O 5.Bg2 c6 6.O-O d5 7.Qa4 dxc4 8.Qxc4 
Bf5 9.Nc3 Nbd7 10.e3 Qc7 11.b3 e5 12.dxe5 Nxe5 13.Nxe5 Qxe5 14.Bb2 Rfd8 
15.Rad1 Be6 16.Qe2 Bg4 17.f3 Nd5 18.Rxd5 cxd5 19.fxg4 d4 20.exd4 Qxd4+ 21.
Rf2 Rac8 22.Nd5 Qxb2 23.Qxb2 Bxb2 24.Rxb2 Rc1+ 25.Kf2 Rd1 26.Ke3 R8xd5 27.
Bxd5 Rxd5 28.Rc2 Rd7 29.Ke4 f6 30.g5 Kg7 31.Rf2 fxg5 32.Ke5 h5 33.Ke6 Rc7 
34.Rd2 Kh6 35.Kf6 g4 36.Rd6 Rc2 37.Kf7 Rf2+ 38.Rf6 Rf3 39.Ke7 Kg7 40.Rd6 
Rf2 0-1

[Event "19th Hoogeveen op"]
[Site "Hoogeveen NED"]
[Date "2015.10.23"]
[Round "8.12"]
[White "Van Foreest, Lucas"]
[Black "Bogner, Sebastian"]
[Result "0-1"]
[WhiteElo "2296"]
[BlackElo "2557"]
[EventDate "2015.10.17"]
[PlyCount "86"]

1.e4 c5 2.Nf3 Nf6 3.e5 Nd5 4.Nc3 Nxc3 5.dxc3 Nc6 6.Bf4 Qb6 7.b3 Qc7 8.Qd2 
e6 9.O-O-O b6 10.Bg3 h6 11.c4 Bb7 12.Be2 g5 13.h3 O-O-O 14.Rhe1 Rg8 15.Kb1
Be7 16.Bd3 d5 17.cxd5 Rxd5 18.Qe2 Rgd8 19.c3 Bf8 20.Be4 R5d7 21.Rxd7 Qxd7 
22.Qc2 b5 23.Re2 Qd1+ 24.Qxd1 Rxd1+ 25.Kb2 Bg7 26.Bc2 Rh1 27.Nd2 h5 28.f4 
h4 29.Bf2 gxf4 30.Nf3 Ne7 31.Bxc5 Bxf3 32.gxf3 Nd5 33.a4 bxa4 34.b4 a3+ 
35.Kxa3 Rxh3 36.Bd4 Rxf3 37.Be4 Rg3 38.Kb2 Ne3 39.Rh2 h3 40.Kb3 Ng4 41.Ra2
Bxe5 42.Bxe5 Nxe5 43.Rxa7 Re3 0-1

[Event "19th Hoogeveen op"]
[Site "Hoogeveen NED"]
[Date "2015.10.23"]
[Round "8.13"]
[White "Gopal, Geetha Narayanan"]
[Black "Van Osch, Mees"]
[Result "1/2-1/2"]
[WhiteElo "2536"]
[BlackElo "2285"]
[EventDate "2015.10.17"]
[PlyCount "35"]

1.e4 e6 2.d4 d5 3.Nc3 Bb4 4.e5 c5 5.a3 Ba5 6.b4 cxd4 7.Nb5 Bc7 8.f4 Bd7 9.
Nf3 Ne7 10.Nxc7+ Qxc7 11.Bd3 Ba4 12.O-O Qb6 13.Kh1 Nbc6 14.Qe2 a6 15.Bd2 
Bb5 16.Rfb1 Bxd3 17.cxd3 O-O 18.a4 1/2-1/2

[Event "19th Hoogeveen op"]
[Site "Hoogeveen NED"]
[Date "2015.10.23"]
[Round "8.14"]
[White "Shabalov, Alexander"]
[Black "Zepeda, Lorena"]
[Result "1-0"]
[WhiteElo "2522"]
[BlackElo "2106"]
[EventDate "2015.10.17"]
[PlyCount "87"]

1.e4 c5 2.Nf3 d6 3.d4 cxd4 4.Nxd4 Nf6 5.Nc3 a6 6.Be3 e5 7.Nb3 Be6 8.h3 Be7
9.Qf3 O-O 10.O-O-O b5 11.g4 b4 12.Nd5 Nxd5 13.exd5 Bc8 14.Bd3 a5 15.Kb1 
Ba6 16.h4 Bxd3 17.cxd3 Nd7 18.Nd2 a4 19.Nc4 Rb8 20.g5 f5 21.Qe2 Re8 22.d4 
e4 23.Bf4 Nb6 24.Ne3 Qd7 25.Rc1 Rec8 26.Qa6 g6 27.Rxc8+ Qxc8 28.Qb5 b3 29.
a3 Qd7 30.Qxd7 Nxd7 31.Rc1 Kf7 32.Rc6 Nb6 33.Bxd6 Bxd6 34.Rxd6 Ke7 35.Re6+
Kd7 36.Rf6 Ke7 37.h5 Nd7 38.d6+ Kd8 39.Rf7 Rb6 40.Nxf5 gxf5 41.g6 hxg6 42.
h6 Nf6 43.Rxf6 Kd7 44.Rf8 1-0

[Event "19th Hoogeveen op"]
[Site "Hoogeveen NED"]
[Date "2015.10.23"]
[Round "8.15"]
[White "Dijkhuis, Tycho"]
[Black "Gieben, Stijn"]
[Result "1-0"]
[WhiteElo "2355"]
[BlackElo "1955"]
[EventDate "2015.10.17"]
[PlyCount "27"]

1.e4 c5 2.Nf3 e6 3.d4 cxd4 4.Nxd4 Nc6 5.Nc3 Qc7 6.Be3 a6 7.Be2 Nf6 8.O-O 
Bb4 9.Na4 Be7 10.c4 Nxe4 11.c5 f5 12.Bf3 Ng5 13.Bxg5 Bxg5 14.Bxc6 1-0

[Event "19th Hoogeveen op"]
[Site "Hoogeveen NED"]
[Date "2015.10.23"]
[Round "8.16"]
[White "Schoppen, Casper"]
[Black "Van Kooten, Luuk"]
[Result "0-1"]
[WhiteElo "2220"]
[BlackElo "2350"]
[EventDate "2015.10.17"]
[PlyCount "64"]

1.d4 Nf6 2.c4 c5 3.d5 e6 4.Nc3 exd5 5.cxd5 d6 6.Nf3 g6 7.g3 Bg7 8.Bg2 O-O 
9.O-O Re8 10.Nd2 a6 11.a4 Nbd7 12.Nc4 Ne5 13.Na3 Rb8 14.h3 Nh5 15.Kh2 f5 
16.f4 Nf7 17.e4 fxe4 18.Nxe4 b5 19.g4 Nf6 20.Ng3 Nxg4+ 21.hxg4 Qh4+ 22.Bh3
h5 23.f5 Be5 24.Rg1 gxf5 25.gxh5 Kh8 26.Qf3 Rg8 27.Bd2 f4 28.Ne4 Rg3 29.
Rxg3 fxg3+ 30.Kg1 Qxh3 31.Bc3 Qh2+ 32.Kf1 g2+ 0-1

[Event "19th Hoogeveen op"]
[Site "Hoogeveen NED"]
[Date "2015.10.23"]
[Round "8.17"]
[White "Valdes Romero, Leonardo"]
[Black "Den Hartog, Marijn"]
[Result "1-0"]
[WhiteElo "2362"]
[BlackElo "2158"]
[EventDate "2015.10.17"]
[PlyCount "91"]

1.Nf3 g6 2.g3 Bg7 3.d4 d6 4.Bg2 Nd7 5.c4 e5 6.Nc3 Ne7 7.e4 O-O 8.O-O exd4 
9.Nxd4 Nc6 10.Nxc6 bxc6 11.Bd2 Rb8 12.Rb1 c5 13.b3 Ne5 14.h3 Nc6 15.Qc1 
Nd4 16.Bg5 Qd7 17.Bh6 Bb7 18.Bxg7 Kxg7 19.f4 f5 20.exf5 Bxg2 21.Kxg2 Qxf5 
22.Qd2 Rbe8 23.g4 Qc2 24.Rb2 Qxd2+ 25.Rxd2 Rf7 26.Rff2 Re3 27.Nd5 Re1 28.
Rd3 c6 29.Ne3 Kf8 30.Nc2 Re4 31.Nxd4 cxd4 32.Rdf3 Ke7 33.Kg3 Ke6 34.Kh4 d3
35.Rxd3 Rfxf4 36.Rfd2 d5 37.cxd5+ cxd5 38.Rxd5 h5 39.Rg5 Rf6 40.Ra5 hxg4 
41.hxg4 Rf7 42.Ra6+ Ke5 43.Rxg6 Rh7+ 44.Kg5 Rh1 45.Rdd6 Rg1 46.Rge6# 1-0

[Event "19th Hoogeveen op"]
[Site "Hoogeveen NED"]
[Date "2015.10.23"]
[Round "8.18"]
[White "Hulshof, Peter"]
[Black "Kevlishvili, Robby"]
[Result "1-0"]
[WhiteElo "2175"]
[BlackElo "2361"]
[EventDate "2015.10.17"]
[PlyCount "24"]

1.e4 c5 2.g3 d6 3.Bg2 g6 4.d3 Bg7 5.f4 Nc6 6.Nf3 e6 7.O-O Nge7 8.c3 O-O 9.
Be3 f6 10.Na3 Rb8 11.Nc2 b6 12.Re1 e5 1-0

[Event "19th Hoogeveen op"]
[Site "Hoogeveen NED"]
[Date "2015.10.23"]
[Round "8.19"]
[White "Lecomte, Robin"]
[Black "Klapwijk, Bram"]
[Result "0-1"]
[WhiteElo "2317"]
[BlackElo "2151"]
[EventDate "2015.10.17"]
[PlyCount "62"]

1.d4 Nf6 2.c4 g6 3.Nc3 d5 4.cxd5 Nxd5 5.Bd2 Bg7 6.e4 Nxc3 7.Bxc3 c5 8.d5 
O-O 9.Bxg7 Kxg7 10.Qd2 e6 11.Qc3+ Qf6 12.O-O-O Qxc3+ 13.bxc3 exd5 14.exd5 
Nd7 15.Nf3 Nf6 16.Rd2 Ne4 17.Rc2 Bf5 18.Nh4 Bd7 19.Bd3 Rfe8 20.c4 Ba4 21.
Re2 Nc3 22.Rb2 b5 23.cxb5 Rad8 24.Nf3 Rxd5 25.Bc4 Rd6 26.Nd2 Rd4 27.Rf1 
Red8 28.Re1 Nd1 29.Rxd1 Bxd1 30.f3 Ba4 31.Be2 c4 0-1

[Event "19th Hoogeveen op"]
[Site "Hoogeveen NED"]
[Date "2015.10.23"]
[Round "8.20"]
[White "Jeitz, Christian"]
[Black "Bluhm, Sonja Maria"]
[Result "1/2-1/2"]
[WhiteElo "2198"]
[BlackElo "2128"]
[EventDate "2015.10.17"]
[PlyCount "40"]

1.e4 e5 2.Nf3 Nc6 3.Bb5 a6 4.Ba4 Nf6 5.O-O Be7 6.d3 b5 7.Bb3 d6 8.a3 O-O 
9.Nc3 Bg4 10.Be3 Na5 11.Ba2 c5 12.b4 Nc6 13.Nd5 Nd4 14.Bxd4 cxd4 15.h3 Be6
16.Nxf6+ Bxf6 17.Bxe6 fxe6 18.a4 Qc7 19.Qd2 Rfc8 20.Ra2 Qb7 1/2-1/2

[Event "19th Hoogeveen op"]
[Site "Hoogeveen NED"]
[Date "2015.10.23"]
[Round "8.21"]
[White "Schoehuys, Erik"]
[Black "Halfhide, Sebastian"]
[Result "1-0"]
[WhiteElo "2182"]
[BlackElo "2102"]
[EventDate "2015.10.17"]
[PlyCount "55"]

1.d4 Nf6 2.c4 e6 3.Nc3 Bb4 4.Qc2 O-O 5.Nf3 c5 6.dxc5 Na6 7.g3 Nxc5 8.Bg2 
Nce4 9.O-O Nxc3 10.bxc3 Bc5 11.e4 d6 12.e5 dxe5 13.Nxe5 Nd7 14.Rd1 Qe8 15.
Nd3 Bd6 16.Be3 Qe7 17.Rab1 Nc5 18.Rb5 Na6 19.Ra5 b6 20.Rh5 Rb8 21.Ne5 g6 
22.Nc6 Qc7 23.Rh4 Rb7 24.Qd2 Be5 25.Nxe5 Qxe5 26.Bd4 Qd6 27.Qh6 f6 28.Bxb7
1-0

[Event "19th Hoogeveen op"]
[Site "Hoogeveen NED"]
[Date "2015.10.23"]
[Round "8.22"]
[White "Sadallah, Osama"]
[Black "Clemens, Adrian HP"]
[Result "1/2-1/2"]
[WhiteElo "2067"]
[BlackElo "2175"]
[EventDate "2015.10.17"]
[PlyCount "81"]

1.Nf3 Nf6 2.c4 g6 3.Nc3 Bg7 4.g3 O-O 5.Bg2 d6 6.d4 c6 7.O-O Qa5 8.e4 e5 9.
Rb1 Bg4 10.Be3 exd4 11.Bxd4 Qh5 12.Qd3 Nbd7 13.Nd2 Ne5 14.Qc2 Bh3 15.Bxe5 
dxe5 16.c5 Ng4 17.Nf3 f5 18.exf5 gxf5 19.Nh4 Bxg2 20.Kxg2 e4 21.Qe2 Qg5 
22.h3 Ne5 23.f4 exf3+ 24.Nxf3 Nxf3 25.Rxf3 Rad8 26.Qc4+ Kh8 27.Rbf1 Rd2+ 
28.R1f2 Rxf2+ 29.Rxf2 Be5 30.Ne2 Bxb2 31.Qb3 Be5 32.Qxb7 Rg8 33.Qb3 h5 34.
h4 Qg4 35.Qf3 Qxh4 36.Nf4 Bxf4 37.Qxf4 Qxf4 38.Rxf4 Rf8 39.Rh4 Kg7 40.Rxh5
Kg6 41.Rh4 1/2-1/2

[Event "19th Hoogeveen op"]
[Site "Hoogeveen NED"]
[Date "2015.10.23"]
[Round "8.23"]
[White "Rosmuller, Anton J"]
[Black "Majhi, Ankit"]
[Result "0-1"]
[WhiteElo "2137"]
[BlackElo "2233"]
[EventDate "2015.10.17"]
[PlyCount "74"]

1.d4 Nf6 2.c4 g6 3.Nc3 Bg7 4.e4 d6 5.Nf3 O-O 6.Be2 e5 7.O-O Nc6 8.d5 Ne7 
9.Ne1 Nd7 10.Be3 f5 11.f3 f4 12.Bf2 g5 13.Rc1 Ng6 14.c5 Nxc5 15.b4 Na6 16.
Nd3 h5 17.Nb5 b6 18.Be1 Rf7 19.Nf2 Bf6 20.Qa4 Qe8 21.Qa3 g4 22.Nxd6 cxd6 
23.fxg4 f3 24.Bxf3 Bg5 25.Rc6 Nc7 26.Nh3 Qd8 27.Rxd6 Qxd6 28.Nxg5 Rg7 29.
gxh5 Nf4 30.h4 Nb5 31.Qe3 Nd4 32.Bc3 Nxf3+ 33.Rxf3 Nxh5 34.Ne6 Bxe6 35.Qh6
Rxg2+ 36.Kf1 Rg7 37.Ke1 Rd8 0-1

[Event "19th Hoogeveen op"]
[Site "Hoogeveen NED"]
[Date "2015.10.23"]
[Round "8.24"]
[White "Hendriks, Richard V"]
[Black "Paulet, Iozefina"]
[Result "0-1"]
[WhiteElo "2107"]
[BlackElo "2184"]
[EventDate "2015.10.17"]
[PlyCount "68"]

1.e4 e6 2.d4 d5 3.exd5 exd5 4.c4 Nf6 5.Nc3 Bb4 6.Bd3 O-O 7.Ne2 dxc4 8.Bxc4
Bf5 9.O-O Nc6 10.a3 Bxc3 11.bxc3 Na5 12.Ba2 b5 13.Ng3 Bg6 14.f4 Be4 15.
Nxe4 Nxe4 16.Qd3 Re8 17.f5 c5 18.f6 c4 19.Qh3 Nxf6 20.Bf4 Nd5 21.Bb1 g6 
22.Be5 f6 23.Qh6 fxe5 24.Bxg6 Re7 25.Bxh7+ Rxh7 26.Qe6+ Kh8 27.Qxe5+ Rg7 
28.Rf5 Qd7 29.Raf1 Kg8 30.Qe4 Rd8 31.Qf3 Nc6 32.Rf8+ Rxf8 33.Qxf8+ Kh7 34.
Rf3 Qg4 0-1